[Event "TCh-CZE 2010-11"]
[Site "Czech Rep CZE"]
[Date "2011.01.23"]
[Round "7.3"]
[White "Bernasek,J"]
[Black "Michalik,P"]
[Result "1/2-1/2"]
[WhiteElo "2490"]
[BlackElo "2471"]

1.d4 d5 2.c4 c6 3.Nf3 Nf6 4.Nc3 dxc4 5.a4 Bf5 6.e3 e6 7.Bxc4 Nbd7 8.O-O Bb4
9.Qe2 Bg4 10.Rd1 O-O 11.h3 Bh5 12.e4 Qc7 13.e5 Nd5 14.Bd2 Qa5 15.Bd3 Bg6
16.Bxg6 hxg6 17.Nxd5 cxd5 18.Bxb4 Qxb4 19.Qb5 Qxb5 20.axb5 Rfc8 21.Rdc1 Nb6
22.Rxc8+ Nxc8 23.Rc1 Rb8 24.Ng5 Ne7 25.Rc7 Kf8 26.g4 Ke8 27.Kg2 Kf8 28.Rc3 Ke8
29.Rc7 Kf8 30.Kf1 Ke8 31.Ke1 Kf8 32.Kd2 Ke8 33.Ke1 Kf8 34.Kd1 Ke8 35.Kd2 Kf8
36.b3 Ke8 37.Rc3 Ng8 38.Rc7 Ne7 39.h4 Kf8 40.Kc1 Ke8 41.Kd1 Kf8 42.Kd2 Ke8
43.Ke2 Kf8 44.Kd2  1/2-1/2

[Event "3rd Chennai Open"]
[Site "Chennai IND"]
[Date "2011.01.25"]
[Round "10"]
[White "Laxman,R"]
[Black "Thakur,Ak"]
[Result "1/2-1/2"]
[WhiteElo "2463"]
[BlackElo "2344"]

1.Nf3 d5 2.d4 c6 3.c4 Nf6 4.Nc3 dxc4 5.a4 Bf5 6.e3 e6 7.Bxc4 Bb4 8.O-O O-O
9.Nh4 Bg4 10.f3 Bh5 11.g4 Bg6 12.Nxg6 hxg6 13.e4 Nbd7 14.Be3 e5 15.Qe2 exd4
16.Bxd4 Qe7 17.Qf2 Bc5 18.Bxc5 Nxc5 19.Rae1 Nfd7 20.b4 Ne5 21.bxc5 Nxc4 22.Qd4 Ne5
23.Qd6 Rfe8 24.Qxe7 Rxe7 25.Rd1 Nd7 26.h4 Nxc5 27.Rd6 Rd7 28.Rxd7 Nxd7 29.Kf2 Kf8
30.f4 Nc5 31.Rd1 Ke7 32.f5 gxf5 33.exf5 a6 34.a5 Rd8 35.Rxd8 Kxd8 36.g5 Ke7
37.Kf3 Nb3 38.Ne4 Nxa5 39.h5 Nc4 40.f6+ Kf8 41.Kf4 Kg8 42.Kf5 Ne3+ 43.Ke5 Nd5
44.Nd6 gxf6+ 45.gxf6 a5 46.Nxb7 a4 47.Nc5 a3 48.Kd6 a2 49.Nb3 Nxf6 50.Kxc6 Nxh5
51.Kb5 Nf4 52.Kb4 Ne6 53.Kc3 Nc5 54.Na1 Ne6 55.Kb2 Nd4 56.Kc3 f5 57.Kxd4 Kf7
58.Ke5 Kg6 59.Kf4 Kf6 60.Nc2 Ke6 61.Na1  1/2-1/2

[Event "71st ch-ARM"]
[Site "Yerevan ARM"]
[Date "2011.01.27"]
[Round "9"]
[White "Melkumyan,H"]
[Black "Petrosian,TL"]
[Result "0-1"]
[WhiteElo "2617"]
[BlackElo "2604"]

1.d4 d5 2.c4 c6 3.Nf3 Nf6 4.Nc3 dxc4 5.a4 Bf5 6.e3 e6 7.Bxc4 Nbd7 8.O-O Bb4
9.Qe2 O-O 10.e4 Bg6 11.Bd3 c5 12.e5 cxd4 13.Bxg6 hxg6 14.exf6 dxc3 15.fxg7 Kxg7
16.Rd1 Qc7 17.Rd4 Bd6 18.Rc4 Qa5 19.Rxc3 Rac8 20.Bd2 Bb4 21.Rd3 Nf6 22.Be3 Bc5
23.Bd2 Bb4 24.Be3 Bc5 25.Bg5 Rfd8 26.Rb3 Qa6 27.Bxf6+ Kxf6 28.Rb5 Rd5 29.h4 Kg7
30.Qe1 Qd6 31.Rc1 Rc7 32.Qf1 Qf4 33.Kh1 Qxa4 34.b4 Bxb4 35.Rxd5 Rxc1 36.Qxc1 exd5
37.h5 Be7 38.Qc7 Qa1+ 39.Kh2 Qf6 40.Qxb7 Bd6+ 41.Kh1 Qa1+ 42.Ng1 gxh5 43.Qd7 Qe5
44.Nf3 Qe7 45.Qf5 Qf6 46.Qd3 Qa1+ 47.Ng1 Qb2 48.Ne2 Qe5 49.f4 Qe4 50.Qg3+ Qg6
51.Qb3 Qe6 52.Qg3+ Kh7 53.Qd3+ Qe4 54.Qh3 Kg8 55.Qg3+ Qg6 56.Qb3 Qf5 57.Qg3+ Qg4
58.Qe3 a5 59.Kg1 a4 60.Kf1 a3 61.Qe8+ Bf8 62.Qe5 a2 63.Qb2 d4 64.Qxa2 d3
65.Nd4 Qxf4+ 66.Nf3 Qc1+  0-1

[Event "Frauenbundesliga 1st Div 2010-11"]
[Site "Germany GER"]
[Date "2011.01.29"]
[Round "6.1"]
[White "Paehtz,E"]
[Black "Kononenko,T"]
[Result "1/2-1/2"]
[WhiteElo "2474"]
[BlackElo "2381"]

1.d4 d5 2.c4 c6 3.Nf3 Nf6 4.Nc3 dxc4 5.a4 Bf5 6.Ne5 Nbd7 7.Nxc4 Nb6 8.Ne3 Be6
9.a5 Nbd5 10.Nexd5 Bxd5 11.Qd3 g6 12.e4 Be6 13.Bf4 Bg7 14.Be2 O-O 15.O-O Ne8
16.Ra4 b5 17.axb6 axb6 18.Rxa8 Qxa8 19.Bg5 Qd8 20.Rd1 Bb3 21.Rd2 Nd6 22.Qa6 h6
23.Qa3 Be6 24.Be3 Nc4 25.Bxc4 Bxc4 26.Qb4 Be6 27.Na4 Qa8 28.h3 Qa5 29.Qxa5 bxa5
30.Nc5 Bc4 31.b3 Bb5 32.f4 e6 33.Kf2 Ra8 34.Ra2 Bf8 35.Nd7 Be7 36.Nc5  1/2-1/2

[Event "16th HIT Open"]
[Site "Nova Gorica SLO"]
[Date "2011.01.30"]
[Round "5"]
[White "Leonardi,Caterina"]
[Black "Petrovic,Mark"]
[Result "0-1"]
[WhiteElo "1730"]
[BlackElo "1982"]

1.d4 d5 2.c4 c6 3.Nc3 Nf6 4.Nf3 dxc4 5.a4 Bf5 6.e3 e6 7.Bxc4 Bb4 8.O-O Nbd7
9.Nh4 Bg4 10.Qb3 a5 11.f4 O-O 12.Nf3 Bf5 13.Ne5 Nb6 14.Bd3 Bxd3 15.Nxd3 Be7
16.Nc5 Rb8 17.N3e4 Nfd5 18.Bd2 Nc8 19.Na6 Ra8 20.Qxb7 Ra7 21.Qxc6 Ncb6 22.Nac5 Nc4
23.Nxe6 Qc8 24.Qxd5 fxe6 25.Qh5 Qb7 26.Qe2 Nxd2 27.Nxd2 Qxb2 28.Rfb1 Qc2
29.Rc1 Qb2 30.Rab1 Qa2 31.Qd1 Qd5 32.Qb3 Qf5 33.Rc6 Bb4 34.Rxe6 Kh8 35.Re5 Qg6
36.Nc4 h6 37.Rc1 Rc7 38.Rd1 Rfc8 39.f5 Qg4 40.Nb6 Rc3 41.h3 Qe2 42.Qf7 Qxd1+
43.Kh2 Rf8 44.Re8 Bd6+  0-1

[Event "TCh-SWE Elitserien 2010-11"]
[Site "Sweden SWE"]
[Date "2011.02.05"]
[Round "7"]
[White "Faellman,Micael"]
[Black "Bergstrom,P"]
[Result "0-1"]
[WhiteElo "2088"]
[BlackElo "2306"]

1.d4 d5 2.c4 c6 3.Nf3 Nf6 4.Nc3 dxc4 5.a4 Bf5 6.Ne5 Nbd7 7.Nxc4 Nb6 8.Ne5 a5
9.Bg5 g6 10.e3 Bg7 11.Bd3 Bxd3 12.Nxd3 h6 13.Bh4 O-O 14.O-O Nbd5 15.Qb3 Qb6
16.Qxb6 Nxb6 17.Nc5 Ra7 18.Rac1 Re8 19.Nd3 Nfd5 20.Nxd5 Nxd5 21.Bg3 Rd8 22.Rfd1 e6
23.Kf1 Bf8 24.Ke2 f6 25.Nf4 Kf7 26.Nxd5 exd5 27.Bc7 Re8 28.Bb6 Ra6 29.Bc5 Bxc5
30.dxc5 Rb8 31.Rd3 b5 32.Rb3 b4 33.Rd1 Re8 34.Rd4 Ra7 35.Rbd3 Rae7 36.Kd2 Re5
37.g3 Rh5 38.h4 Rhe5 39.Ke2 f5 40.Kf3 Kf6 41.Rd1 R5e7 42.b3 Re4 43.Kg2 R8e7
44.Kf3 Rxd4 45.Rxd4 Re4 46.Ke2 g5 47.hxg5+ hxg5 48.Rd1 f4 49.gxf4 gxf4 50.Kf3 fxe3
51.fxe3 Rh4 52.Kg3 Rh8 53.Kf4 Rh2 54.Rd3 Rf2+ 55.Kg3 Rc2 56.Kf4 Rxc5 57.e4 dxe4
58.Kxe4 Re5+ 59.Kf4 Ke6 60.Rh3 Kd6 61.Rh6+ Re6 62.Rh5 c5 63.Rh8 Re1 64.Rh3 c4
65.bxc4 Kc5 66.Rh5+ Kxc4 67.Rxa5 b3 68.Ra8 b2 69.Rc8+ Kd5  0-1

[Event "ch-TUR"]
[Site "Kemer-Antalya TUR"]
[Date "2011.02.06"]
[Round "3"]
[White "Bitirgen,Bilent"]
[Black "Ertugrul,Berkay"]
[Result "1-0"]
[WhiteElo "1798"]
[BlackElo "1685"]

1.d4 d5 2.Nf3 Nf6 3.c4 c6 4.Nc3 dxc4 5.a4 Bf5 6.e3 e6 7.Bxc4 Nbd7 8.h3 Be7
9.O-O O-O 10.Nh4 Bg6 11.Nxg6 hxg6 12.Qb3 Nb6 13.Bd3 Qc7 14.Bd2 Rac8 15.Rfc1 Qb8
16.Ne2 c5 17.a5 Nbd7 18.Nf4 Bd6 19.Nxe6 fxe6 20.Qxe6+ Kh8 21.Bxg6 cxd4 22.exd4 Bf4
23.Rxc8 Rxc8 24.Bc3 Nf8 25.Qf5 Nxg6 26.Qxg6 Re8 27.g3 Bd6 28.d5 Be5 29.Ra4 Bxc3
30.bxc3 Re1+ 31.Kg2 Qe8 32.Qxe8+ Nxe8 33.Rc4 Nd6 34.Rc7 Rd1 35.c4 Nxc4 36.Rxc4 Rxd5
37.Rb4 Rxa5 38.Rxb7 Ra3 39.h4 Kh7 40.Kh3 Ra4 41.f4 Kh6 42.Kg4 g6 43.Rb5 Ra3
44.h5 gxh5+ 45.Rxh5+ Kg6 46.f5+ Kf6 47.Rh6+ Kg7 48.Rc6 Kf7 49.Kf4 a5 50.g4 Ra4+
51.Kg5 Rb4 52.Rc7+ Kf8 53.Ra7 Rb5 54.Kg6 Rb4 55.g5 Rb6+ 56.f6 Rb8 57.Rh7  1-0

[Event "1st Open"]
[Site "Cento ITA"]
[Date "2011.02.07"]
[Round "3"]
[White "Urosevic,G"]
[Black "Setti,R"]
[Result "1-0"]
[WhiteElo "2228"]
[BlackElo "1939"]

1.d4 d5 2.Nf3 Nf6 3.c4 c6 4.Nc3 dxc4 5.a4 Bf5 6.e3 e6 7.Bxc4 Bb4 8.O-O O-O
9.Qe2 Nbd7 10.Rd1 Qa5 11.e4 Bg4 12.e5 Nd5 13.Nxd5 cxd5 14.Bd3 g6 15.h3 Bxf3
16.Qxf3 Rfc8 17.h4 Bf8 18.h5 Bg7 19.Qg4 Rc6 20.Bb5 Rc7 21.Ra3 a6 22.hxg6 hxg6
23.Qh4 Rxc1 24.Rxc1 axb5 25.axb5 Qd8 26.Qxd8+ Rxd8 27.Rc7 Nxe5 28.dxe5 Bxe5
29.Rxb7 Bxb2 30.Rf3 d4 31.Rfxf7 e5 32.Rfd7 Rc8 33.Rbc7 Rb8 34.b6 e4 35.b7  1-0

[Event "ch-TUR"]
[Site "Kemer-Antalya TUR"]
[Date "2011.02.08"]
[Round "5.12"]
[White "Kirali,M"]
[Black "Firat,B"]
[Result "0-1"]
[WhiteElo "2046"]
[BlackElo "2392"]

1.d4 Nf6 2.Nf3 d5 3.c4 c6 4.Nc3 dxc4 5.a4 Bf5 6.Ne5 e6 7.e3 Bb4 8.Bxc4 Nbd7
9.Nxd7 Nxd7 10.O-O O-O 11.e4 Bg6 12.f3 e5 13.d5 Nb6 14.Bb3 Qe7 15.Be3 Bc5
16.Qe2 Bd4 17.a5 Qb4 18.Ba2 Qxa5 19.Bxd4 exd4 20.dxc6 Qc5 21.Nd5 d3+ 22.Qf2 Qxf2+
23.Rxf2 bxc6 24.Ne7+ Kh8 25.Nxc6 Rfe8 26.g4 Rac8 27.Nb4 Red8 28.Rd1 Rd4 29.Nxd3 h5
30.h3 f5 31.gxf5 Be8 32.Rfd2 Rcd8 33.Kf2 Ba4 34.b3 Nc4 35.Rc2 Na3 36.Rcd2 Bb5
37.Ke3 Bxd3 38.b4 Bb5 39.Bd5 Nc2+ 40.Kf4 Rxd2 41.Rxd2 Nxb4 42.Ke5 a5 43.Rg2 Nxd5
44.exd5 a4 45.Ke6 Bc4 46.f6 gxf6 47.Kxf6 a3  0-1

[Event "ch-TUR"]
[Site "Kemer-Antalya TUR"]
[Date "2011.02.08"]
[Round "5"]
[White "Ulusoy,M"]
[Black "Erhan,E"]
[Result "1/2-1/2"]
[WhiteElo "1720"]
[BlackElo "1975"]

1.d4 d5 2.c4 c6 3.Nc3 Nf6 4.Nf3 dxc4 5.a4 Bf5 6.e3 e6 7.Bxc4 Be7 8.O-O O-O
9.Nh4 Bg4 10.Be2 Bxe2 11.Qxe2  1/2-1/2

[Event "ch-TUR"]
[Site "Kemer-Antalya TUR"]
[Date "2011.02.08"]
[Round "5"]
[White "Sahin,S"]
[Black "Ertugrul,Berkay"]
[Result "1-0"]
[WhiteElo "1971"]
[BlackElo "1685"]

1.Nf3 Nf6 2.c4 c6 3.d4 d5 4.Nc3 dxc4 5.a4 Bf5 6.Ne5 e6 7.f3 Nbd7 8.e4 Bg6
9.Nxc4 Be7 10.Qb3 Nb6 11.Be3 O-O 12.Ne5 Qc7 13.a5 Nbd7 14.Nxg6 hxg6 15.Be2 Rac8
16.O-O c5 17.e5 Ne8 18.Nb5 Qb8 19.f4 a6 20.Nc3 cxd4 21.Bxd4 Bc5 22.Bxc5 Nxc5
23.Qd1 Nc7 24.b4 Rfd8 25.Qe1 Nd3 26.Qh4 Qa7+ 27.Kh1 Qd4 28.Na4 Nxe5 29.Rad1 g5
30.Qxg5 f6 31.Rxd4 fxg5 32.Rxd8+ Rxd8 33.fxe5  1-0

[Event "75th ch-BUL Semi-Final"]
[Site "Plovdiv BUL"]
[Date "2011.02.08"]
[Round "3"]
[White "Kolev,At2"]
[Black "Ivanov,Bor BUL"]
[Result "0-1"]
[WhiteElo "2066"]
[BlackElo "2201"]

1.d4 d5 2.c4 c6 3.Nf3 Nf6 4.Nc3 dxc4 5.a4 Bf5 6.Ne5 Nbd7 7.Nxc4 Qc7 8.g3 e5
9.dxe5 Nxe5 10.Bf4 Nfd7 11.Bg2 g5 12.Ne3 gxf4 13.Nxf5 O-O-O 14.Qc2 Nc5 15.O-O fxg3
16.hxg3 a5 17.Ne4 Nxe4 18.Qxe4 Rd2 19.b3 Bb4 20.Rac1 Rhd8 21.e3 Nd3 22.Rc4 Qe5
23.Qg4 Kb8 24.Nd4 Nxf2 25.Rxf2 Qxe3 26.Qf4+ Qxf4 27.Nxc6+ bxc6 28.Rfxf4 R8d3
29.Rf3 Rd1+ 30.Kh2 R3d2 31.Rxf7 Re1 32.Rxh7 Ree2 33.Rh8+ Kb7 34.Rh7+ Kb8
35.Rh8+ Kc7 36.Rxc6+ Kd7 37.Rh7+ Be7 38.Rch6 Rxg2+ 39.Kh3 Rh2+ 40.Kg4 Rxh6
41.Rxh6 Rd3 42.Ra6 Bb4 43.Kh4 Be1 44.Kg5 Rxg3+ 45.Kf5 Rxb3 46.Ke5 Ra3 47.Kd5 Rxa4
48.Ra7+ Kd8 49.Kd6 Rd4+ 50.Kc5 Rd7 51.Ra8+ Ke7 52.Kb5 Bb4 53.Rh8 Ke6 54.Ka4 Kd5
55.Rh5+ Kc4 56.Rh4+ Rd4 57.Rh1 Re4 58.Rh5 Bc3 59.Rh7 Re1 60.Rc7+ Kd3 61.Rd7+ Kc2
62.Ra7 Ra1+ 63.Kb5 Kb3 64.Kc5 Bb4+ 65.Kd4 Rd1+  0-1

[Event "ch-TUR"]
[Site "Kemer-Antalya TUR"]
[Date "2011.02.09"]
[Round "6.10"]
[White "Simsek,C"]
[Black "Keler,F"]
[Result "1/2-1/2"]
[WhiteElo "2042"]
[BlackElo "2219"]

1.d4 d5 2.c4 c6 3.Nc3 Nf6 4.Nf3 dxc4 5.a4 Bf5 6.Ne5 Nbd7 7.Nxc4 Nb6 8.Ne3 Be6
9.g3 a5 10.Bg2 g6 11.O-O Bg7 12.Nc2 Qd7 13.e4 Bh3 14.e5 Nfd5 15.Ne4 Bxg2
16.Kxg2 Nb4 17.Nxb4 axb4 18.Nc5 Qd5+ 19.Kg1 Nd7 20.Nxd7 Kxd7 21.Be3 e6 22.b3 Rhd8
23.Rc1 Bf8 24.Qc2 Rdc8 25.Qc4 Qxc4 26.Rxc4 b5 27.axb5 cxb5 28.Rxc8 Kxc8 29.Kg2 Ra2
30.Rb1 Kd7 31.Kf3 Be7 32.Ke4 Kc6 33.Rc1+ Kd7 34.Rb1 Kc6 35.Rc1+ Kd7  1/2-1/2

[Event "ch-TUR"]
[Site "Kemer-Antalya TUR"]
[Date "2011.02.09"]
[Round "6"]
[White "Sertbay,H"]
[Black "Taze,Bulent"]
[Result "1-0"]
[WhiteElo "1996"]
[BlackElo "1806"]

1.d4 d5 2.c4 c6 3.Nc3 Nf6 4.Nf3 dxc4 5.a4 Bf5 6.e3 e6 7.Bxc4 Bb4 8.O-O Nbd7
9.Bd3 Bxd3 10.Qxd3 O-O 11.e4 Bxc3 12.bxc3 Re8 13.e5 Nd5 14.Ng5 Nf8 15.Rb1 Rb8
16.f4 h6 17.Ne4 Qd7 18.g4 Qe7 19.Rf3 Red8 20.f5 exf5 21.gxf5 f6 22.c4 Nb4
23.exf6 gxf6 24.Rg3+ Kh8 25.Qd2 Nh7 26.Re3 Rg8+ 27.Kh1 Na6 28.Bb2 Qf7 29.d5 cxd5
30.Nxf6 Nxf6 31.Re6 Kh7 32.Rxf6 Qh5 33.Qxd5 Rgf8 34.Qd7+  1-0

[Event "60th ch-BUL w"]
[Site "Plovdiv BUL"]
[Date "2011.02.09"]
[Round "3"]
[White "Vasileva,C"]
[Black "Galunova,T"]
[Result "1-0"]
[WhiteElo "1471"]
[BlackElo "1998"]

1.d4 d5 2.c4 c6 3.Nf3 Nf6 4.Nc3 dxc4 5.a4 Bf5 6.g3 e6 7.Ne5 Bb4 8.Bg2 Ne4
9.O-O Nxc3 10.bxc3 Bxc3 11.Ba3 Qxd4 12.Nxc4 Qxc4 13.Qd6 Bf6 14.Qc7 Nd7 15.Rfd1 Rd8
16.Qxb7 Be4 17.Rac1 Qxa4 18.Bxe4 Qxe4 19.Rxc6 Qa4 20.Rd3 Qa5 21.Rc8 Qb6 22.Qxd7+  1-0

[Event "1st Open"]
[Site "Cento ITA"]
[Date "2011.02.11"]
[Round "7"]
[White "Sokolov,Ivan"]
[Black "Molina,Fa"]
[Result "1-0"]
[WhiteElo "2657"]
[BlackElo "2236"]

1.d4 d5 2.c4 c6 3.Nf3 Nf6 4.Nc3 dxc4 5.a4 Bf5 6.Ne5 e6 7.f3 c5 8.e4 cxd4
9.exf5 Bb4 10.Bxc4 dxc3 11.Qxd8+ Kxd8 12.Ke2 cxb2 13.Bxb2 Ke7 14.Rhb1 a5
15.fxe6 fxe6 16.Ba3 Nc6 17.Nxc6+ bxc6 18.Bxb4+ axb4 19.Rxb4 Nd5 20.Rb7+ Kf6
21.a5 Rhb8 22.Rxb8 Rxb8 23.a6 Ke5 24.g3 Kd4 25.a7 Ra8 26.Bd3 h6 27.Ra5 Nc3+
28.Kd2 Nb5 29.Bxb5 cxb5 30.Kc2 Kc4 31.f4 Kb4 32.Ra6 Kc4 33.Rc6+ Kd5 34.Rc7 g5
35.fxg5 hxg5 36.h4  1-0

[Event "TCh-CAT Div Hon"]
[Site "Barcelona ESP"]
[Date "2011.02.12"]
[Round "3"]
[White "Alonso Rosell,A"]
[Black "Pomes Marcet,J"]
[Result "1-0"]
[WhiteElo "2477"]
[BlackElo "2356"]

1.d4 d5 2.c4 c6 3.Nf3 Nf6 4.Nc3 dxc4 5.a4 Bf5 6.Nh4 e6 7.Nxf5 exf5 8.e3 Bd6
9.Bxc4 O-O 10.Qf3 Qa5 11.Bd2 Bb4 12.h3 Ne4 13.Nxe4 fxe4 14.Qd1 Nd7 15.b3 Bxd2+
16.Qxd2 Qg5 17.O-O Rad8 18.Qb4 b6 19.a5 b5 20.Be2 a6 21.Rac1 Qh6 22.Rc3 Nb8
23.f4 exf3 24.Bxf3 Rfe8 25.e4 Qd6 26.Qxd6 Rxd6 27.d5 cxd5 28.exd5 Kf8 29.Rfc1 Red8
30.Rc7 Nd7 31.Ra7 Ne5 32.Be4 g6 33.g4 h6 34.Kg2 R8d7 35.Rc8+ Ke7 36.Raa8 Kf6
37.Kg3 Re7 38.Kf4 Nd7 39.b4 Ne5 40.Ke3 Kg5 41.Re8 Nc4+ 42.Kd4 Red7 43.Rac8 Nd2
44.Bg2 Nc4 45.Kc5 f5 46.gxf5 gxf5 47.Rc6 Kf4 48.Rxd6 Nxd6 49.Re6 Ne4+ 50.Bxe4 fxe4
51.Rxa6 e3 52.Re6 Kf3 53.d6 e2 54.Kc6 Ra7 55.Rxe2  1-0

[Event "TCh-CAT Div Hon"]
[Site "Barcelona ESP"]
[Date "2011.02.12"]
[Round "3"]
[White "Peralta,Fe"]
[Black "Moskalenko,V1"]
[Result "1/2-1/2"]
[WhiteElo "2603"]
[BlackElo "2564"]

1.d4 d5 2.c4 c6 3.Nf3 Nf6 4.Nc3 dxc4 5.a4 Bf5 6.e3 e6 7.Bxc4 Bb4 8.O-O Nbd7
9.Qe2 Bg6 10.e4 O-O 11.Bd3 Bh5 12.Bf4 Re8 13.e5 Nd5 14.Nxd5 cxd5 15.h3 a6
16.Rfc1 Bg6 17.Bxg6 fxg6 18.Bd2 Be7 19.a5 Rc8 20.Rxc8 Qxc8 21.Rc1 Qb8 22.Bg5 Bxg5
23.Nxg5 h6 24.Nf3 Rc8 25.Rc2 g5 26.h4 gxh4 27.Nxh4 Rxc2 28.Qxc2 Qd8 29.Ng6 Nf8
30.Qc8 Qxc8 31.Ne7+ Kh7 32.Nxc8 Nd7 33.f4 Kg6 34.Kf2 Nb8 35.Nd6 Nc6 36.Nxb7 Nxd4
37.Nc5 Nc6 38.Nxa6 Nxa5 39.Nc7 Kf7 40.b4 Nc4 41.Nb5 g5 42.g3 Ke7 43.Nd4 gxf4
44.gxf4 Kd7 45.b5 h5 46.Kg3 Ne3 47.Kh4 Ng2+ 48.Kg5 h4 49.Kg4 h3 50.Kg3 Nxf4
51.Nf3 Nd3 52.Kxh3 Kc7 53.Nd4  1/2-1/2

[Event "1st Open"]
[Site "Cento ITA"]
[Date "2011.02.12"]
[Round "8"]
[White "Solomon,K"]
[Black "Jakovljevic,Vlado"]
[Result "1/2-1/2"]
[WhiteElo "2425"]
[BlackElo "2394"]

1.d4 d5 2.Nf3 Nf6 3.c4 c6 4.Nc3 dxc4 5.a4 Bf5 6.Ne5 Nbd7 7.Nxc4 Qc7 8.Qd2 e6
9.Qf4 Qxf4 10.Bxf4 Nb6 11.Nd6+ Bxd6 12.Bxd6 Nc4 13.Bf4 Nd5 14.Nxd5 cxd5 15.b4 Ke7
16.f3 Rhc8 17.g4 Bc2 18.a5 Nd6 19.e3 h6 20.h4 Bh7 21.Rh2 Rc3 22.Rb2 Rac8
23.Raa2 Bd3 24.Bxd3 Rxd3 25.b5 Nc4 26.Rc2 Rb3 27.b6 axb6 28.a6 bxa6 29.Rxa6 Rd8
30.Ke2 Rb5 31.Ra7+ Rd7 32.Ra8 f6 33.e4 Rb7 34.exd5 exd5 35.Rg8 Kf7 36.Rd8 Ke7
37.Rg8 Ke6 38.Rd8 Rd7 39.Rc8 Re7 40.Kf2 Kf7 41.h5 Rd7 42.Kg3 Rb3 43.Re2 Rd3
44.Ree8 Rxd4 45.Rg8 Ne5 46.Rce8 Re7 47.Rgf8+ Ke6 48.Be3 Rd3 49.Bxb6 Rxf3+
50.Kg2 Rc3 51.Ba5 Rc4 52.Kh3 Nxg4 53.Bd8 Rxe8 54.Rxe8+ Kf5 55.Re7 Rc8 56.Bc7 Rg8
57.Rd7 Ne5 58.Rxd5 g6 59.hxg6 Rxg6 60.Rd4 Rg5 61.Ra4 Rg7 62.Bd6 Rd7 63.Ra6 Kg5
64.Kg3 h5 65.Kh3 Ng6 66.Ra5+ f5 67.Bg3 Rd3 68.Kg2 Kg4 69.Ra4+ f4 70.Bf2 Rd2
71.Kf1 h4 72.Ra6 Ne5 73.Rh6 Nf3 74.Rf6 Ng5 75.Bxh4 Ne4 76.Rf8 Kf3 77.Kg1 Rg2+
78.Kh1 Ng3+ 79.Bxg3 Rxg3 80.Ra8 Rg6 81.Ra3+ Ke2 82.Ra2+ Kf3 83.Ra3+ Kg4 84.Kg2 Rc6
85.Rb3 Rc2+ 86.Kf1  1/2-1/2

[Event "1st Open"]
[Site "Cento ITA"]
[Date "2011.02.12"]
[Round "9"]
[White "Gromovs,S"]
[Black "Yurenok,M"]
[Result "1-0"]
[WhiteElo "2284"]
[BlackElo "2092"]

1.d4 d5 2.c4 c6 3.Nf3 Nf6 4.Nc3 dxc4 5.a4 Bf5 6.e3 e6 7.Bxc4 Bb4 8.O-O O-O
9.Qb3 Qe7 10.Bd2 a5 11.Rfe1 Ne4 12.Nxe4 Bxe4 13.Bxb4 axb4 14.Ne5 Bd5 15.e4 Bxc4
16.Qxc4 Rd8 17.a5 Qd6 18.Red1 Na6 19.f4 f6 20.Nf3 Kh8 21.g3 h6 22.Nh4 Kh7
23.Qc2 Qc7 24.e5+ f5 25.g4 g6 26.Rd3 Rg8 27.Rg3 Qd8 28.Nf3 Rc8 29.Qg2 Nc7
30.Qh3 Qe7 31.Ng5+ Kg7 32.Nxe6+ Nxe6 33.gxf5 Nxf4 34.f6+ Kh7 35.Qg4 Qf7 36.Qxf4 Rcd8
37.Re1 Rde8 38.Re4 Re6 39.Qxh6+  1-0

[Event "1st Open"]
[Site "Cento ITA"]
[Date "2011.02.12"]
[Round "9"]
[White "Sokolov,Ivan"]
[Black "Collutiis,D"]
[Result "1-0"]
[WhiteElo "2657"]
[BlackElo "2463"]

1.d4 d5 2.c4 c6 3.Nf3 Nf6 4.Nc3 dxc4 5.a4 Bf5 6.e3 e6 7.Bxc4 Bb4 8.Nh4 O-O
9.Nxf5 exf5 10.Qc2 g6 11.O-O Qe7 12.Kh1 c5 13.Na2 Ba5 14.dxc5 Nc6 15.b3 Rfd8
16.f3 Bc7 17.Bb2 Qxe3 18.Qc3 Qh6 19.f4 Nd4 20.Qh3 Qxh3 21.gxh3 Ne4 22.Nb4 Ne6
23.Nd5 Nd2 24.Rf2 Nxc4 25.bxc4 Kf8 26.Rb1 Rac8 27.Ba3 Kg7 28.Rxb7 Bb8 29.Re2 Nxc5
30.Rxb8 Rxb8 31.Bxc5 Rb1+ 32.Kg2 Rc1 33.Ne3 Rd7 34.Ba3 Rb1 35.Bb2+ Kh6 36.c5 Rd3
37.Kf2 Rb3 38.Be5  1-0

[Event "TCh-NED"]
[Site "Netherlands NED"]
[Date "2011.02.12"]
[Round "6.3"]
[White "Van der Stricht,G"]
[Black "Timmermans,I"]
[Result "1-0"]
[WhiteElo "2392"]
[BlackElo "2209"]

1.d4 d5 2.c4 c6 3.Nf3 Nf6 4.Nc3 dxc4 5.a4 Bf5 6.Ne5 Nbd7 7.Nxc4 Nb6 8.Ne5 a5
9.f3 Nfd7 10.e4 Nxe5 11.exf5 Nec4 12.d5 e6 13.fxe6 fxe6 14.Qe2 Qf6 15.dxc6 bxc6
16.Qe4 Qe5 17.Be2 Qxe4 18.Nxe4 Bb4+ 19.Kf2 Nd6 20.Nxd6+ Bxd6 21.Bd2 Nd5 22.Bc4 Bc5+
23.Kg3 Bd6+ 24.Kh3 Kd7 25.Rhe1 Rhf8 26.Re4 Rf5 27.Rh4 Nf4+ 28.Bxf4 Rxf4 29.Rxf4 Bxf4
30.Re1 Re8 31.Kg4 Bd6 32.f4 e5 33.f5 Bc5 34.h4 Bd4 35.b3 Kd6 36.Kf3 e4+ 37.Rxe4 Rxe4
38.Kxe4 Bf2 39.h5 Be1 40.h6 gxh6 41.f6 Kd7 42.g4 Ke8 43.Bg8 Kf8 44.Bxh7 Kf7
45.Kf5 Bc3 46.Bg6+ Kf8 47.Ke6 Bb4 48.Bd3 Kg8 49.Bc4 Ba3 50.Kd7+ Kh7 51.Bd3+ Kg8
52.Ke8 Bb4 53.Be4 Ba3 54.Bxc6 Bb4 55.Bd5+ Kh7 56.Kf7 Bc3 57.Be4+ Kh8 58.Bd3 Bd2
59.Kg6 Kg8 60.b4 axb4 61.a5  1-0

[Event "16th Lienz-Open 2011"]
[Site "Lienz AUT"]
[Date "2011.02.13"]
[Round "2"]
[White "Okhotnik,V"]
[Black "Neagos,R"]
[Result "1-0"]
[WhiteElo "2428"]
[BlackElo "2071"]

1.d4 Nf6 2.Nf3 d5 3.c4 c6 4.Nc3 dxc4 5.a4 Bf5 6.Nh4 Bc8 7.g3 g6 8.Bg2 Bg7
9.O-O O-O 10.a5 Na6 11.Nf3 c5 12.d5 e6 13.dxe6 Bxe6 14.Ng5 Qe7 15.Nxe6 fxe6
16.Qa4 Nb4 17.Qb5 Qf7 18.Qxc4 Rac8 19.Bh3 Nc2 20.Rb1 Nd4 21.Bg2 Ng4 22.Ne4 Ne5  1-0

[Event "ch-St Petersburg Women"]
[Site "St Petersburg RUS"]
[Date "2011.02.13"]
[Round "3"]
[White "Belenkaya,D"]
[Black "Butuc,M"]
[Result "1-0"]
[WhiteElo "2092"]
[BlackElo "2188"]

1.d4 d5 2.c4 c6 3.Nf3 Nf6 4.Nc3 dxc4 5.a4 Bf5 6.e3 e6 7.Bxc4 Bb4 8.O-O Nbd7
9.Qb3 a5 10.Nh4 Bg6 11.g3 Nb6 12.Be2 O-O 13.Nxg6 hxg6 14.Rd1 Qc7 15.e4 e5
16.dxe5 Qxe5 17.Bf4 Qe7 18.Bf3 Nfd7 19.Bg2 Nc5 20.Qc2 Ne6 21.Be3 Nc4 22.Bd4 Nxd4
23.Rxd4 Ne5 24.Rad1 Rfd8 25.h3 Rxd4 26.Rxd4 Rd8 27.Rd1 Qf6 28.f4 Nc4 29.e5 Qe7
30.Ne4 Ne3 31.Rxd8+ Qxd8 32.Qe2 Qd4 33.Kh2 Nxg2 34.Kxg2 Be7 35.b3 b5 36.Qc2 Qd5
37.Kh2 bxa4 38.bxa4 Bb4 39.h4 c5 40.Nd6 Be1 41.Qc4 Qf3 42.Ne4 Qg4 43.Qd3 Qc8
44.Nd6 Qg4 45.Ne4 Qc8 46.Qc4 Qg4 47.Qb5 Qc8 48.Nd6 Qg4 49.Ne4 Qc8 50.Qxc5 Qxc5
51.Nxc5 Kf8 52.Kg2 Ke7 53.Kf3 Bb4 54.Nd3 Ba3 55.Ke4 Ke6 56.h5 gxh5 57.f5+ Kd7
58.Nf4 Be7 59.Nxh5 Bf8 60.Kd5 g6 61.Nf6+ Ke7 62.g4 gxf5 63.gxf5 Bg7 64.Ne4 Kd7
65.Nc5+ Kc7 66.Nb3 Kb6 67.Kd6 Bf8+ 68.Kd7 Bb4 69.e6 fxe6 70.fxe6  1-0

[Event "ch-St Petersburg Women"]
[Site "St Petersburg RUS"]
[Date "2011.02.13"]
[Round "3"]
[White "Andreeva,Y"]
[Black "Gudkina,Zhanna"]
[Result "1-0"]
[WhiteElo "1950"]
[BlackElo "1766"]

1.d4 d5 2.c4 c6 3.Nc3 Nf6 4.Nf3 dxc4 5.a4 Bf5 6.e3 e6 7.Bxc4 Bb4 8.O-O O-O
9.Qb3 Qe7 10.Na2 Bd6 11.Bd2 a5 12.Rfd1 Nbd7 13.Be1 e5 14.dxe5 Nxe5 15.Nxe5 Qxe5
16.g3 Bg4 17.Rd4 Bc5 18.Rf4 Qh5  1-0

[Event "IV Open A"]
[Site "Gora Swietej Anny POL"]
[Date "2011.02.14"]
[Round "4.8"]
[White "Szewczyk,G"]
[Black "Kalmuk,Krzysztof"]
[Result "1-0"]
[WhiteElo "2014"]
[BlackElo "1778"]

1.d4 d5 2.Nf3 c6 3.c4 Nf6 4.Nc3 dxc4 5.a4 Bf5 6.e3 e6 7.Bxc4 Nbd7 8.O-O Bd6
9.Qe2 Ne4 10.Nxe4 Bxe4 11.Nd2 Bg6 12.e4 O-O 13.e5 Be7 14.a5 Qc7 15.f4 b5
16.Bb3 a6 17.g4 h6 18.f5 exf5 19.gxf5 Bh7 20.f6 gxf6 21.e6 Qd6 22.exd7 Qxd4+
23.Kh1 Qxd7 24.Ne4 Qh3 25.Rf3 Qh4 26.Bf4 Rae8 27.Ng3 Bg6 28.Qf2 Kh7 29.Bc2 Qg4
30.Rf1 Bd8 31.Bd6 Rg8 32.Bf5 Qc4 33.Bd7 Qd5 34.Bxe8 Qxd6 35.Qe2 Qd5 36.b4 Bc7
37.Qe7 Bxg3 38.hxg3 Bh5 39.Kg2 Bxf3+ 40.Rxf3 Qd2+ 41.Rf2 Qd5+ 42.Rf3 Qd2+
43.Kh3 Qd1 44.Qe4+ Kh8 45.Rxf6 Qh5+ 46.Kg2 Qg5 47.Rf3  1-0

[Event "ch-ROU Men"]
[Site "Sarata Monteoru ROU"]
[Date "2011.02.14"]
[Round "4.39"]
[White "Costachi,M"]
[Black "Dan,A"]
[Result "1/2-1/2"]
[WhiteElo "1843"]
[BlackElo "1971"]

1.d4 d5 2.c4 c6 3.Nc3 Nf6 4.Nf3 dxc4 5.a4 Bf5 6.e3 e6 7.Bxc4 Bb4 8.Bd2 O-O
9.O-O Nbd7 10.Qb3 a5 11.Ne2 Bxd2 12.Nxd2 Qc7 13.Bd3 Bxd3 14.Qxd3 e5 15.Rfd1 Nd5
16.Nf3 Nb4 17.Qf5 g6 18.Qg5 e4 19.Nd2 f5 20.Nf4 Qd8 21.Qg3 Qf6 22.Nc4 Kh8
23.Ne5 Rad8 24.h4 Rg8 25.h5 Nd5 26.hxg6 Nxe5 27.dxe5 Qxe5 28.gxh7 Nxf4 29.Qxf4 Qxf4
30.exf4 Kxh7 31.Kf1 Kg6 32.Ke2 b6 33.f3 Kf6 34.Rxd8 exf3+ 35.Kxf3 Rxd8 36.Rc1 Rd6
37.g4 c5 38.g5+ Kg6 39.Re1 Rd3+ 40.Re3 Rd6 41.b3 Kh5 42.Re5 Kg6 43.Ke3 Rc6
44.Ke2 c4 45.bxc4 Rxc4 46.Re6+ Kh5 47.Kf3 Rc3+ 48.Re3 Rc4 49.Rb3 Rxa4  1/2-1/2

[Event "ch-ROU Women"]
[Site "Sarata Monteoru ROU"]
[Date "2011.02.17"]
[Round "6.8"]
[White "L'Ami,Alina"]
[Black "Vasilescu,M"]
[Result "1-0"]
[WhiteElo "2331"]
[BlackElo "1784"]

1.d4 d5 2.c4 c6 3.Nf3 Nf6 4.Nc3 dxc4 5.a4 Bf5 6.e3 e6 7.Bxc4 Nbd7 8.O-O Be7
9.Qe2 O-O 10.e4 Bg6 11.Rd1 Qc7 12.Bg5 h6 13.Bh4 Rfe8 14.Rac1 Rad8 15.e5 Nh7
16.Bxe7 Rxe7 17.Nh4 Nhf8 18.f4 Nb6 19.Ba2 Qd7 20.g4 Nd5 21.Bxd5 cxd5 22.Nb5 Rc8
23.Rxc8 Qxc8 24.Qd2 Qc2 25.f5 Qxd2 26.Rxd2 Bh7 27.Nxa7 Rc7 28.Nb5 Rc1+ 29.Kf2 g5
30.Ng2 exf5 31.gxf5 Bxf5 32.Nd6 Rc2 33.Rxc2 Bxc2 34.a5 Ne6 35.Nxb7 Nxd4 36.b4 Nb5
37.Nd6 Bd3 38.Ke3 Bf1 39.Nxb5 Bxb5 40.Kd4 Be2 41.Ne3 h5 42.Nxd5 h4 43.Ke3 Bc4
44.Nc7 g4 45.Kf2 Kf8 46.a6 Bd3 47.a7 Be4 48.a8=Q+ Bxa8 49.Nxa8 Ke7 50.Nc7 Kd7
51.Nd5 Ke6 52.Ne3 g3+ 53.hxg3 hxg3+ 54.Kxg3 Kxe5 55.b5 Kd6 56.b6 f5 57.Kf4 Kc6
58.Nc4  1-0